Statistiques concernant Trouve les paroles - Vivre pour le meilleur - Johnny Hallyday

Cliquez ici pour prendre le quiz!

Statistiques générales

  • Ce quiz a été pris 76 fois
  • Le résultat moyen est 149 sur 181

Statistiques - réponses

Réponse% Correct
le
100%
me
100%
meilleur
100%
pour
100%
vivre
100%
Vivre
100%
la
96%
Que
96%
que
96%
En
94%
tout
94%
de
92%
Et
92%
et
92%
Je
92%
je
92%
l'amour
92%
ne
92%
Se
92%
se
92%
donner
90%
rien
90%
ça
88%
garder
86%
ma
86%
qui
86%
un
86%
des
84%
Des
84%
crois
82%
plus
82%
Plus
82%
vouloir
82%
Dieu
80%
Les
80%
cherchent
78%
gens
78%
pas
78%
riche
78%
voient
78%
ce
76%
chair
76%
lumière
76%
Moi
76%
nuit
76%
ta
76%
j'ai
73%
libre
73%
Qu'ils
73%
aimer
71%
Aimer
71%
contre
71%
fuient
71%
Mais
71%
peut
71%
pleine
71%
qu'on
71%
après
69%
courent
69%
font
67%
lèvent
67%
Oui
67%
sais
67%
femmes
65%
pourquoi
65%
quand
65%
corps
63%
jour
63%
leurs
63%
nos
63%
toujours
61%
enfants
59%
hommes
59%
tu
59%
ni
57%
Sans
57%
Toi
57%
dignes
55%
l'illusion
55%
n'ont
55%
restent
55%
signe
55%
D'attendre
53%
Encore
53%
loi
53%
chaque
51%
fort
51%
rends
51%
bras
49%
pleurent
49%

Distribution des résultats

Percentile par nombre de réponses

% des personnes avec chaque résultat

Votre développement - résultats

Vous n’avez pas pris ce quiz